| 000 | 00989nam2a2200253 4500 | ||
|---|---|---|---|
| 001 | RU\NLR\bibl\1473419 | ||
| 005 | 20250616002853.0 | ||
| 010 |
_a978-5-346-01388-4 _920000 |
||
| 021 |
_aRU _b2009-102052 _96493 |
||
| 035 | _a(NLR Aleph) 001465100 | ||
| 090 |
_a1607999 _c1607999 |
||
| 100 | _a20100215d2009 |||y0rusy50 ca | ||
| 101 | 0 | _arus | |
| 102 | _aRU | ||
| 105 | _aac ||||||||| | ||
| 200 | 0 | _aЧ. 1 | |
| 210 |
_d2009 _aБ. м. |
||
| 215 |
_a286, [1] с. _cил., портр. |
||
| 461 | 0 |
_1001RU\NLR\bibl\1478648 _12001#$aЛитература$vЧ. 1 _91639415 _cМосква _d2009 _e8-е изд., стер. _f[авт.-сост. Г.И. Беленький и др.] _nМнемозина _o7 класс : учебник-хрестоматия для общеобразовательных учреждений : в 2-х ч. _tЛитература _y978-5-346-01387-7 _vЧ. 1 |
|
| 801 | 0 |
_aRU _bNLR _c20100215 _gRCR |
|
| 801 | 1 |
_aRU _bNLR _c20100215 |
|
| 942 | _cBOOK | ||
| 980 | _aNB | ||